Életleckék kezdőknek és haladóknak

Bibliographic Details
Main Author: Juhász, Katalin (Author)
Format: Article
Language:Hungarian
Subjects:

MARC

LEADER 00000nab a2200000 4500
001 vtls012053373
003 SK-MaSNL
005 20260318140415.0
008 210510|202112 xo |||| || ||00 0|hun
015 |a SNBRB2021/01 
040 |a DSZK  |b slo  |c DSZK  |e rda 
041 |a hun 
043 |a e-xo--- 
044 |a xo  |c SK 
072 7 |a 821.511.1.09  |x Ugrofínske literatúry (o nich)  |2 konspekt 
080 |a 821.511.141 (437.6)  |2 2011 
080 |a 821.511.141-32 (437.6)  |2 2011 
100 1 |a Juhász, Katalin  |4 aut  |9 1109964 
245 1 0 |a Életleckék kezdőknek és haladóknak  |c Juhász Katalin 
300 |b Fotografie 
336 |a text  |b txt  |2 rdacontent 
337 |a bez média  |b n  |2 rdamedia 
338 |a zväzok  |b nc  |2 rdacarrier 
650 0 7 |a maďarská literatúra  |2 SNKPH  |9 1193 
650 0 7 |a maďarské novely  |2 SNKPH  |9 467254 
655 7 |a recenzie  |2 SNKPH  |9 21907 
773 0 |t Új szó  |g Évf. 74, sz. 22 (2021.1.28.), o. 9  |x 1335-7050 
787 0 8 |i Recenzia:  |a Bartalos Tóth, Iveta  |t Élet lejárt szavatossággal  |d Pozsony : Phoenix Polgári Társulás, 2020  |z 9788089748341  |w vtls012025334 
958 |a SK 
958 |a HU 
958 |a LX 
958 |a RC 
999 |c 1827310  |d 1829240